| 000 | 00538nam a2200181Ia 4500 | ||
|---|---|---|---|
| 008 | 140429s9999 xx 000 0 und d | ||
| 020 | _a9780853696018 | ||
| 050 |
_aRM 302.5 _b.Ad39 2006 |
||
| 245 |
_aAdverse drug reactions / _cedited by : Anne Lee. |
||
| 250 | _a2nd ed. | ||
| 260 |
_aChicago : _bPharmaceutical Press, _cc2006. |
||
| 300 |
_a474 p. : _c24 cm. |
||
| 500 | _aIncludes bibliographical references. | ||
| 521 | _aNUR | ||
| 650 |
_aDrugs _xSide effects --Handbooks, manuals, etc. |
||
| 942 |
_kFOR _cBK |
||
| 999 |
_c115677 _d115677 |
||